THE POSITIVE BACKGROUND OF HINDU SOCIOLOGE BOOK-1 (Record no. 371309)

MARC details
000 -LEADER
fixed length control field 00466nam a2200157Ia 4500
008 - FIXED-LENGTH DATA ELEMENTS--GENERAL INFORMATION
fixed length control field 100122s9999 xx 000 0 und d
082 ## - DEWEY DECIMAL CLASSIFICATION NUMBER
Item number 35640
Classification number 301.54
100 ## - MAIN ENTRY--PERSONAL NAME
Personal name SARKAR S K
245 ## - TITLE STATEMENT
Title THE POSITIVE BACKGROUND OF HINDU SOCIOLOGE BOOK-1
250 ## - EDITION STATEMENT
Edition statement 0
260 ## - PUBLICATION, DISTRIBUTION, ETC. (IMPRINT)
Name of publisher, distributor, etc DR.LALIT MOHAN BASU
Date of publication, distribution, etc 1905
300 ## - PHYSICAL DESCRIPTION
Extent 697
630 ## - SUBJECT ADDED ENTRY--UNIFORM TITLE
Uniform title THE POSITIVE BACKGROUND OF HINDU SOCIOLOGE BOOK-1
730 ## - ADDED ENTRY--UNIFORM TITLE
Uniform title THE POSITIVE BACKGROUND OF HINDU SOCIOLOGE BOOK-1
942 ## - ADDED ENTRY ELEMENTS (KOHA)
Koha item type Book
Holdings
Withdrawn status Lost status Damaged status Not for loan Home library Current library Shelving location Date acquired Cost, normal purchase price Total Checkouts Full call number Barcode Date last seen Cost, replacement price Price effective from Koha item type Public note
        S.V. Pathak Library, Vile Parle S.V. Pathak Library, Vile Parle   01/08/1984 16.00   35640 SVPPARLE-35640 01/25/2010 16.00 01/25/2010 Book "वा.क.क्र.48/2, , , NA"